Normal view
MARC view
- LEADERSHIP EXPERIENCE. , THE LEADERSHIP
Entry Topical Term
001 - CONTROL NUMBER
- control field: 64054
003 - CONTROL NUMBER IDENTIFIER
- control field: NUST
005 - DATE AND TIME OF LATEST TRANSACTION
- control field: 20210628203221.0
008 - FIXED-LENGTH DATA ELEMENTS
- fixed length control field: 210628|| aca||aabn | a|a d
040 ## - CATALOGING SOURCE
- Original cataloging agency: NUST
- Transcribing agency: NUST
150 ## - HEADING--TOPICAL TERM
- Topical term or geographic name entry element: LEADERSHIP EXPERIENCE. , THE LEADERSHIP
670 ## - SOURCE DATA FOUND
- Source citation: Work cat.: (NUST): Daft, Richard L , Merlo, Andrew Pirola 64053, The leadership experience, 2009
